Macao business directory.

Bibliographic Details
Format: Book
Published: [s.l]: [s.n], 2003.
Subjects:
LEADER 00374cam a2200133 7i4500
001 0000012775
005 20031020090000.0
090 0 0 |a MAC 338.7025   |b MAC 
245 0 0 |a Macao business directory. 
260 0 0 |a [s.l]:   |b [s.n],   |c 2003. 
300 # # |a 55 p. 
650 0 0 |a Business --   |x Directories --   |z Macao  
651 0 0 |a Macao  
999 |a 0000015162  |b Directories  |c Countries  |e Business Information Centre